5a Trobada de regidores i regidors de participació ciutadana
Publicado:
Barcelona :
Diputació de Barcelona, Patronat Flor de Maig, Centre per a la Participació Ciutadana ,
2000
Descripción Física:
[154] f. en una carpeta d'anelles ; 31 cm
MARC
| LEADER | 00000nam a2200000Ia 4500 | ||
|---|---|---|---|
| 001 | 22735 | ||
| 008 | 160829s2000 xx 000 0 cat d | ||
| 080 | |a FOL-3-91 | ||
| 245 | |a 5a Trobada de regidores i regidors de participació ciutadana | ||
| 260 | |a Barcelona : |b Diputació de Barcelona, Patronat Flor de Maig, Centre per a la Participació Ciutadana, |c 2000 | ||
| 300 | |a [154] f. en una carpeta d'anelles ; |c 31 cm | ||
| 590 | |a Celebrada a Santa Coloma de Gramenet el 15 de novembre de 2000 | ||
| 650 | 0 | |a Participació política |x Congressos |9 46070 | |
| 650 | |a Municipis |x Govern i administració |x Participació ciutadana |x Congressos |9 45445 | ||
| 710 | |a Flor de Maig |9 54173 | ||
| 710 | 2 | |a Organisme Autònom Flor de Maig |9 54170 | |
| 901 | |a Arxiu | ||
| 942 | |n 1 | ||
| 952 | |0 0 |1 0 |4 0 |6 FOL391 |7 1 |9 52606 |a Arxiu |b Arxiu |d 2016-12-01 |l 0 |o FOL-3-91 |p 22735 |r 2016-12-01 00:00:00 |w 2016-12-01 |y ARXIU | ||
| 999 | |c 56455 |d 56455 | ||